000
00322nam a2200133Ia 4500
008
150201s2009 xx 000 0 und d
082
_a
617
_b
H09M
100
_a
MCLATEHIE, GRAG
245
_a
OXFORD HAND BOOK OF CLINICAL SURGERY
250
_a
3RD
260
_b
OXFORD
_a
NEW YORK
_c
2009
650
_a
SURGERY
942
_2
ddc
_c
BK
999
_c
805
_d
805